Closer to New York or Los Angeles? - Statistics

General Stats
  • This quiz has been taken 85 times
  • The average score is 16 of 20
Answer Stats
Hint Explanation Answer % Correct
Paris, France LA: 5,645.45 mi (9,085.48 km), NY: 3,621.95 mi (5,828.96 km) NEW YORK CITY
94%
Tokyo, Japan LA: 5,477.69 mi (8,815.48 km), NY: 6,738.09 mi (10,843.90 km) LOS ANGELES
93%
Honolulu, Hawaii, USA LA: 2,560.01 mi (4,119.94 km), NY: 4,961.29 mi (7,984.43 km) LOS ANGELES
93%
Singapore, Singapore LA: 8,776.02 mi (14,123.65 km), NY: 9,526.58 mi (15,331.55 km) LOS ANGELES
89%
Juneau, Alaska, USA LA: 1,840.82 mi (2,962.51 km), NY: 2,855.57 mi (4,595.59 km) LOS ANGELES
88%
Sydney, Australia LA: 7,501.31 mi (12,072.19 km), NY: 9,937.30 mi (15,992.54 km) LOS ANGELES
88%
Atlanta, Georgia, USA LA: 1,932.67 mi (3,110.34 km), NY: 750.99 mi (1,208.59 km) NEW YORK CITY
88%
Havana, Cuba LA: 2,290.07 mi (3,685.52 km), NY: 1,313.51 mi (2,113.90 km) NEW YORK CITY
86%
North Pole LA: 3,865.62 mi (6,221.12 km), NY: 3,400.57 mi (5,472.68 km) NEW YORK CITY
86%
Cairo, Egypt LA: 7,580.42 mi (12,199.51 km), NY: 5,600.84 mi (9,013.67 km) NEW YORK CITY
86%
Johannesburg, South Africa LA: 10,360.76 mi (16,674.03 km), NY: 7,976.39 mi (12,836.76 km) NEW YORK CITY
85%
Easter Island, Chile LA: 4,266.96 mi (6,867.01 km), NY: 5,211.91 mi (8,387.76 km) LOS ANGELES
82%
Toronto, Canada LA: 2,169.91 mi (3,492.13 km), NY: 344.44 mi (554.32 km) NEW YORK CITY
82%
Ankara, Turkey LA: 7,003.26 mi (11,270.65 km), NY: 5,212.99 mi (8,389.49 km) NEW YORK CITY
81%
Puerto Rico, USA LA: 3,347.21 mi (5,386.82 km), NY: 1,618.99 mi (2,605.51 km) NEW YORK CITY
78%
Vancouver, Canada LA: 1,079.20 mi (1,736.81 km), NY: 2,426.09 mi (3,904.41 km) LOS ANGELES
75%
Vladivostok, Russia LA: 5,513.47 mi (8,873.07 km), NY: 6,420.54 mi (10,332.87 km) LOS ANGELES
72%
Houston, Texas, USA LA: 1,371.22 mi (2,206.76 km), NY: 1,421.74 mi (2,288.07 km) LOS ANGELES
60%
Buenos Aires, Argentina LA: 6,122.40 mi (9,853.06 km), NY: 5,302.72 mi (8,533.90 km) NEW YORK CITY
58%
Mount Rushmore, South Dakota, USA LA: 1,048.89 mi (1,688.02 km), NY: 1,510.06 mi (2,430.21 km) LOS ANGELES
54%
No matching quizzes found
Score Distribution
Percent of People with Each Score
Percentile by Number Answered
Your Score History
You have not taken this quiz